000
00234nam a22000857a 4500
008
160808b xxu||||| |||| 00| 0 eng d
100
_9
62
_a
Chaturvedi R
245
_a
Social Science-IX
260
_a
New Delhi
_b
Goyal Brother's Publication
_c
2010
999
_c
2714
_d
2714